|
|
|
|
| LEADER |
00000cam a22000004a 4500 |
| 001 |
musev2_186 |
| 003 |
MdBmJHUP |
| 005 |
20230905040042.0 |
| 006 |
m o d |
| 007 |
cr||||||||nn|n |
| 008 |
100830s2011 inu o 00 0 eng d |
| 010 |
|
|
|z 2010035373
|
| 020 |
|
|
|a 9780253005052
|
| 020 |
|
|
|z 9780253356079
|
| 020 |
|
|
|z 0253005051
|
| 035 |
|
|
|a (OCoLC)707918266
|
| 040 |
|
|
|a MdBmJHUP
|c MdBmJHUP
|
| 043 |
|
|
|a f-gh---
|
| 050 |
0 |
4 |
|a HT1394.G48
|b G74 2011
|
| 082 |
0 |
|
|a 306.3/620922667
|2 22
|
| 100 |
1 |
|
|a Greene, Sandra E.,
|d 1952-
|
| 245 |
1 |
0 |
|a West African Narratives of Slavery :
|b Texts from Late Nineteenth- and Early Twentieth-Century Ghana /
|c Sandra E. Greene.
|
| 264 |
|
1 |
|a Bloomington :
|b Indiana University Press,
|c 2011.
|
| 264 |
|
3 |
|a Baltimore, Md. :
|b Project MUSE,
|c 2011
|
| 264 |
|
4 |
|c ©2011.
|
| 300 |
|
|
|a 1 online resource (300 pages):
|b ill., maps ;
|
| 336 |
|
|
|a text
|b txt
|2 rdacontent
|
| 337 |
|
|
|a computer
|b c
|2 rdamedia
|
| 338 |
|
|
|a online resource
|b cr
|2 rdacarrier
|
| 504 |
|
|
|a Includes bibliographical references and index.
|
| 505 |
0 |
|
|a Aaron Kuku : the life history of a former slave -- Enslavement remembered -- The life history of Aaron Kuku -- The biographies of Lydia Yawo and Yosef Famfantor : life in slavery/life after abolition -- To stay or go : exploring the decisions of the formerly enslaved -- Come over and help us! : the life journey of Lydia Yawo, a freed slave -- Yosef Famfantor -- Paul Sands's diary : living with the past/constructing the present and the future -- Open secrets and sequestered stories : a diary about family, slavery, and self in southeastern Ghana -- The diary of Paul Sands : excerpts -- A kidnapping at Atorkor : the making of a community memory -- Our citizens, our kin enslaved -- Oral traditions about individuals enslaved.
|
| 588 |
|
|
|a Description based on print version record.
|
| 650 |
|
0 |
|a Slave trade
|z Ghana
|x History.
|
| 650 |
|
0 |
|a Slavery
|z Ghana
|x History.
|
| 650 |
|
0 |
|a Slave narratives
|z Ghana
|x History and criticism.
|
| 655 |
|
7 |
|a Electronic books.
|2 local
|
| 710 |
2 |
|
|a Project Muse.
|e distributor
|
| 830 |
|
0 |
|a Book collections on Project MUSE.
|
| 856 |
4 |
0 |
|z Texto completo
|u https://projectmuse.uam.elogim.com/book/186/
|
| 945 |
|
|
|a Project MUSE - Custom Collection
|
| 945 |
|
|
|a Project MUSE - 2011 Complete
|
| 945 |
|
|
|a Project MUSE - 2011 History
|